Muntakhab Afsaney (Record no. 8516)

MARC details
000 -LEADER
fixed length control field 00576nam a2200241 a 4500
020 ## - INTERNATIONAL STANDARD BOOK NUMBER
ISBN
082 00 - DEWEY DECIMAL CLASSIFICATION NUMBER
Classification number 891.4393
Author Cutter BEK
100 ## - MAIN ENTRY--AUTHOR NAME
Author name Bekal, Kedar Nath
245 ## - TITLE STATEMENT
Title Muntakhab Afsaney
260 ## - PUBLICATION, DISTRIBUTION, ETC. (IMPRINT)
Place of publication Hyderabad
Name of publisher Hyder and Sons
Year of publication 1978
300 ## - PHYSICAL DESCRIPTION
Number of Pages 144p
500 ## - GENERAL NOTE
General note includes index and biblioraphy
505 2# - FORMATTED CONTENTS NOTE
Formatted contents note Bibliography
650 ## - SUBJECT ADDED ENTRY--TOPICAL TERM
Topical Term Urdu-Literature
942 ## - ADDED ENTRY ELEMENTS (KOHA)
Koha item type Books
700 1# -
-- Bekal, Kedar Nath
Holdings
Collection code Home library Current library Date acquired Cost, normal purchase price Full call number Accession Number Koha item type
  Henry Martyn Institute Library Henry Martyn Institute Library 05/31/2007 3.50 891.4393 BEK 013061 Books
                   Copyright © 2026 | Henry Martyn Institute | Hyderabad | TS-500052 | INDIA | Implemented by hmi.edu.in
Hit-Count:

Powered by Koha